000 00967nam a2200229 i 4500
001 101998
003 ES-MaACL
005 20251120063135.0
007 t|
008 051028s1922 sp ||||1| spa d
100 1 _aMéndez Bejarano, Mario,
_d1857-1931
_980142
245 1 0 _aDiccionario de escritores, maestros y oradores naturales de Sevilla y su actual provincia /
_cpor Mario Méndez Bejarano.
260 _aSevilla :
_bGironés,
_c1922.
300 _a3 v. ;
_c27 cm.
505 8 _aContiene: T. 1. A-LL (XI, 471 p.) -- t. 2. M-S (435 p.) -- t. 3. 1ª pte. T-Z; 2ª pte. Hebreos y musulmanes. Apéndice e índices (318 p.)
530 _aDisponible en formato digital.
650 4 _aEscritores españoles-
_zSevilla (Provincia)-
_vBiobibliografías.
_9161195
852 _aES-MaACL
_jG-5813-15
_cDEPO2
856 4 _uhttp://bdh-rd.bne.es/viewer.vm?id=0000146323&page=1
_y(Biblioteca Digital Hispánica)
942 _2udc
999 _c101998
_d101998